<?xml version="1.0" encoding="UTF-8"?>
<record
    xmlns:xsi="http://www.w3.org/2001/XMLSchema-instance"
    xsi:schemaLocation="http://www.loc.gov/MARC21/slim http://www.loc.gov/standards/marcxml/schema/MARC21slim.xsd"
    xmlns="http://www.loc.gov/MARC21/slim">

  <leader>02087nam a2200241 a 4500</leader>
  <controlfield tag="001">BS0003094</controlfield>
  <controlfield tag="003">BR-BrBNA</controlfield>
  <controlfield tag="005">20230418192222.0</controlfield>
  <controlfield tag="008">230308b |||||||| |||| 00| 0 por d</controlfield>
  <datafield tag="040" ind1=" " ind2=" ">
    <subfield code="a">BR-BrBNA</subfield>
    <subfield code="b">por</subfield>
    <subfield code="c">Biblioteca Nacional de Agricultura</subfield>
  </datafield>
  <datafield tag="041" ind1=" " ind2=" ">
    <subfield code="a">por</subfield>
  </datafield>
  <datafield tag="072" ind1=" " ind2=" ">
    <subfield code="a">B53</subfield>
  </datafield>
  <datafield tag="090" ind1=" " ind2=" ">
    <subfield code="a">B53 BS0003094</subfield>
  </datafield>
  <datafield tag="100" ind1="1" ind2=" ">
    <subfield code="a">Ferreira, Luiz Francisco Rog&#xE9;.</subfield>
  </datafield>
  <datafield tag="245" ind1="1" ind2=" ">
    <subfield code="a">O investidor em a&#xE7;&#xE3;o: gest&#xE3;o de investimentos para pessoas f&#xED;sicas / </subfield>
  </datafield>
  <datafield tag="250" ind1="1" ind2=" ">
    <subfield code="a">1. ed.</subfield>
  </datafield>
  <datafield tag="260" ind1="3" ind2=" ">
    <subfield code="a">Rio de Janeiro, RJ.: </subfield>
    <subfield code="b">Qualitymark, </subfield>
    <subfield code="c">2005. </subfield>
  </datafield>
  <datafield tag="300" ind1=" " ind2=" ">
    <subfield code="a">176 p.</subfield>
  </datafield>
  <datafield tag="520" ind1="3" ind2=" ">
    <subfield code="a">O lan&#xE7;amento deste livro vem em boa hora. O mercado de capitais no Brasil vive, atualmente, um per&#xED;odo muito f&#xE9;rtil em novas emiss&#xF5;es de a&#xE7;&#xF5;es. Os investidores, sejam eles pequenos ou grandes, t&#xEA;m sido chamados com bastante freq&#xFC;&#xEA;ncia a decidir sobre investimentos em a&#xE7;&#xF5;es de companhias que est&#xE3;o abrindo seu capital ou, apenas, lan&#xE7;ando novas a&#xE7;&#xF5;es na BOVESPA. Al&#xE9;m disso, a volatilidade dos pre&#xE7;os das a&#xE7;&#xF5;es tem crescido com o aumento da incerteza nos mercados globais. Nesse ambiente de incertezas &#xE9; importante que o investidor em geral e, principalmente, aqueles que est&#xE3;o se iniciando nesse mercado, tenham a exata no&#xE7;&#xE3;o de como fazer para atingir seus objetivos, de como formular suas estrat&#xE9;gias de investimento corretamente e, sobretudo, de que maneira avaliar aspectos de seu comportamento frente a decis&#xF5;es financeiras de risco antes de realizar suas escolhas a respeito de investimentos. O Investidor em A&#xE7;&#xE3;o permite que os principais t&#xF3;picos de interesse desse investidor sejam abordados e detalhados ao longo de sua leitura. E, mais importante, atrav&#xE9;s de uma linguagem do dia-a-dia, sem tecnicismos desnecess&#xE1;rios. Por fim, este livro se coloca em dia com todos os aspectos importantes da gest&#xE3;o de investimentos, proporcionando ao leitor conte&#xFA;do de qualidade, al&#xE9;m de prover um insight in&#xE9;dito sobre suas prefer&#xEA;ncias frente a decis&#xF5;es financeiras sob condi&#xE7;&#xF5;es de risco.</subfield>
  </datafield>
  <datafield tag="650" ind1=" " ind2=" ">
    <subfield code="a">ECONOMIA</subfield>
  </datafield>
  <datafield tag="909" ind1=" " ind2=" ">
    <subfield code="a">202304</subfield>
    <subfield code="b">Sergio Santos</subfield>
    <subfield code="c">56</subfield>
    <subfield code="d">Sergio Santos</subfield>
  </datafield>
  <datafield tag="942" ind1=" " ind2=" ">
    <subfield code="c">BK</subfield>
  </datafield>
  <datafield tag="999" ind1=" " ind2=" ">
    <subfield code="c">8156</subfield>
    <subfield code="d">8156</subfield>
  </datafield>
  <datafield tag="952" ind1=" " ind2=" ">
    <subfield code="0">0</subfield>
    <subfield code="2">AGRIS</subfield>
    <subfield code="4">0</subfield>
    <subfield code="7">0</subfield>
    <subfield code="8">CULTURAL</subfield>
    <subfield code="a">41918</subfield>
    <subfield code="b">41918</subfield>
    <subfield code="l">0</subfield>
    <subfield code="o"> B53 BS0003094 </subfield>
    <subfield code="p">B53 BS0003094</subfield>
    <subfield code="r">2023-04-12</subfield>
    <subfield code="t">01</subfield>
    <subfield code="y">BK</subfield>
    <subfield code="1">0</subfield>
    <subfield code="d">2023-04-04</subfield>
    <subfield code="e">Doa&#xE7;&#xE3;o</subfield>
    <subfield code="f">B53</subfield>
  </datafield>
</record>
